000 00426nam a2200181Ia 4500
001 14948
005 20260306164952.0
008 260306t2007||||xx |||||||||||||| ||spa||
041 _aESP
082 _a519.5
_bB78A
100 _aStataCorp
_eAUT
245 0 _aStata data management reference manual
260 _c2007
300 _a548 páginas :
_c23 cm.
650 _aGEN
654 _aCMA
942 _cLIB
_dJUS
_fJUS
_2ddc
_n
999 _c14948
_d14948